[Event "MCRE_SF13"]
[Site "?"]
[Date "2008.??.??"]
[Round "2"]
[White "Binas, Jindrich"]
[Black "Glaser, Karel"]
[Result "1/2-1/2"]
[WhiteElo "2094"]
[BlackElo "2161"]
[PlyCount "56"]
[EventDate "2008.??.??"]
[EventType "corr"]
[EventRounds "2"]
[SourceDate "2008.05.08"]

1. e4 e5 2. Nf3 Nc6 3. Bc4 Bc5 4. c3 Nf6 5. d3 d6 6. O-O O-O 7. Bb3 a6 8. Nbd2
Ba7 9. h3 Re8 10. Re1 Be6 11. Nf1 h6 12. Ng3 d5 13. Be3 Bxe3 14. Rxe3 dxe4 15.
dxe4 Qxd1+ 16. Rxd1 Bxb3 17. axb3 Na5 18. b4 Nc4 19. Re2 a5 20. bxa5 Rxa5 21.
Ne1 g6 22. Nd3 Rb5 23. f3 Rd8 24. Kf2 Rb6 25. Rc2 Ne8 26. Nf1 Ned6 27. Ne3 Nxe3
28. Kxe3 Nc4+ 1/2-1/2

[Event "MCRE_SF13"]
[Site "?"]
[Date "2008.??.??"]
[Round "2"]
[White "Binas, Jindrich"]
[Black "Jerabek, Zdenek"]
[Result "1-0"]
[WhiteElo "2094"]
[BlackElo "2241"]
[PlyCount "61"]
[EventDate "2008.??.??"]
[EventType "corr"]
[EventRounds "2"]
[SourceDate "2008.05.08"]

1. e4 c5 2. Nf3 Nc6 3. d4 cxd4 4. Nxd4 Nf6 5. Nc3 e5 6. Ndb5 d6 7. Bg5 a6 8.
Bxf6 gxf6 9. Na3 f5 10. Bd3 Bd7 11. Nc4 fxe4 12. Bxe4 Be6 13. Ne3 Bh6 14. Ncd5
Bxe3 15. fxe3 Nb4 16. O-O Nxd5 17. Bxd5 Qb6 18. Bxe6 fxe6 19. Qh5+ Kd7 20. Rf7+
Kc8 21. Qe2 Kb8 22. c4 Ka7 23. Raf1 h5 24. b3 d5 25. cxd5 exd5 26. R1f6 Qa5 27.
b4 Qb5 28. Qxb5 axb5 29. Rd6 Rhd8 30. Rfd7 Rxd7 31. Rxd7 1-0

[Event "MCRE_SF13"]
[Site "?"]
[Date "2008.??.??"]
[Round "2"]
[White "Binas, Jindrich"]
[Black "Kudr, Roman"]
[Result "1/2-1/2"]
[WhiteElo "2094"]
[BlackElo "2182"]
[PlyCount "54"]
[EventDate "2008.??.??"]
[EventType "corr"]
[EventRounds "2"]
[SourceDate "2008.05.08"]

1. e4 e5 2. Nf3 Nf6 3. Nxe5 d6 4. Nf3 Nxe4 5. d4 d5 6. Bd3 Nc6 7. O-O Be7 8. c4
Nb4 9. Be2 O-O 10. Nc3 Bf5 11. a3 Nxc3 12. bxc3 Nc6 13. Re1 Re8 14. cxd5 Qxd5
15. Bf4 Rac8 16. Bd3 b5 17. Qb1 Bxd3 18. Qxd3 Bd6 19. Ng5 f5 20. Bxd6 cxd6 21.
a4 bxa4 22. Qa6 h6 23. Rxe8+ Rxe8 24. Nf3 Rb8 25. h3 Qb5 26. Rxa4 Qxa6 27. Rxa6
Rb6 1/2-1/2

[Event "MCRE_SF13"]
[Site "?"]
[Date "2008.??.??"]
[Round "2"]
[White "Binas, Jindrich"]
[Black "Portych, Vaclav"]
[Result "1/2-1/2"]
[WhiteElo "2094"]
[BlackElo "2187"]
[PlyCount "68"]
[EventDate "2008.??.??"]
[EventType "corr"]
[EventRounds "2"]
[SourceDate "2008.05.08"]

1. e4 c5 2. Nf3 Nc6 3. d4 cxd4 4. Nxd4 Nf6 5. Nc3 e5 6. Ndb5 d6 7. Bg5 a6 8.
Bxf6 gxf6 9. Na3 b5 10. Nd5 f5 11. c3 Bg7 12. exf5 Bxf5 13. Nc2 Be6 14. Nce3
Ne7 15. g3 Nxd5 16. Nxd5 O-O 17. Bg2 Rb8 18. O-O a5 19. Qe2 f5 20. Rfd1 Qd7 21.
Rd2 Bh6 22. f4 e4 23. Rad1 Rf7 24. Ne3 Bf8 25. Bh3 a4 26. a3 Rc8 27. Rd5 Qa7
28. Kg2 Rc5 29. Rxd6 Bxd6 30. Rxd6 Qe7 31. Qd1 Rf8 32. Qd4 Rfc8 33. Kh1 Kf7 34.
Kg1 Qf6 1/2-1/2

[Event "MCRE_SF13"]
[Site "?"]
[Date "2008.??.??"]
[Round "2"]
[White "Binas, Jindrich"]
[Black "Struzka, Vlastimil"]
[Result "1-0"]
[WhiteElo "2094"]
[BlackElo "2117"]
[PlyCount "109"]
[EventDate "2008.??.??"]
[EventType "corr"]
[EventRounds "2"]
[SourceDate "2008.05.08"]

1. e4 e5 2. Nf3 Nc6 3. Bc4 Bc5 4. c3 Nf6 5. d3 O-O 6. O-O d6 7. Bb3 h6 8. Nbd2
Qe7 9. h3 a5 10. Re1 Be6 11. Ba4 Bd7 12. Nf1 Rab8 13. d4 exd4 14. cxd4 Ba7 15.
Ng3 b5 16. Bc2 Nb4 17. Bb1 Rfe8 18. a3 Nc6 19. e5 dxe5 20. dxe5 Nh7 21. Bxh6
gxh6 22. Nh5 Qe6 23. Bxh7+ Kxh7 24. Nf6+ Kg7 25. Rc1 Rbd8 26. Qc2 Rh8 27. Nxd7
Rxd7 28. Qxc6 Qxc6 29. Rxc6 Re8 30. Kf1 Re6 31. Rec1 Bb6 32. Ke2 Ree7 33. R1c2
a4 34. Rf6 Re6 35. Rxe6 fxe6 36. Rc6 Kf7 37. g4 Ke7 38. g5 hxg5 39. Nxg5 Rd5
40. Rxe6+ Kd7 41. f4 Bd4 42. h4 Bxb2 43. h5 Bc1 44. Rf6 Rd2+ 45. Kf3 Bxa3 46.
h6 Be7 47. Ra6 Rh2 48. Kg3 Rh5 49. Kg4 Rh2 50. e6+ Kc8 51. h7 Rh6 52. f5 a3 53.
f6 Bxf6 54. e7 Kd7 55. Rxf6 1-0

[Event "MCRE_SF13"]
[Site "?"]
[Date "2008.??.??"]
[Round "2"]
[White "Glaser, Karel"]
[Black "Cvak, Rudolf"]
[Result "1/2-1/2"]
[WhiteElo "2161"]
[BlackElo "2264"]
[PlyCount "74"]
[EventDate "2008.??.??"]
[EventType "corr"]
[EventRounds "2"]
[SourceDate "2008.05.08"]

1. e4 e5 2. Nf3 Nf6 3. d4 Nxe4 4. Bd3 d5 5. Nxe5 Nd7 6. Qe2 Nxe5 7. Bxe4 dxe4
8. Qxe4 Bf5 9. Qxe5+ Qe7 10. Qxe7+ Bxe7 11. c3 O-O-O 12. O-O Rde8 13. Bf4 Bh4
14. Nd2 Re2 15. g3 Bf6 16. Be3 a5 17. Rae1 Rxe1 18. Rxe1 Re8 19. a4 h6 20. f3
Bd3 21. h4 Re6 22. Kf2 b6 23. b3 Kd7 24. Nc4 Bxc4 25. bxc4 Rc6 26. c5 bxc5 27.
d5 Rb6 28. Bxc5 Rb3 29. c4 Rb2+ 30. Re2 Rb1 31. Re4 Ra1 32. Bd4 Bxd4+ 33. Rxd4
Rxa4 34. Rg4 g6 35. Rf4 Ke7 36. Re4+ Kf8 37. Rd4 Ke7 1/2-1/2

[Event "MCRE_SF13"]
[Site "?"]
[Date "2008.??.??"]
[Round "2"]
[White "Glaser, Karel"]
[Black "Jerabek, Zdenek"]
[Result "1-0"]
[WhiteElo "2161"]
[BlackElo "2241"]
[PlyCount "43"]
[EventDate "2008.??.??"]
[EventType "corr"]
[EventRounds "2"]
[SourceDate "2008.05.08"]

1. e4 c5 2. Nf3 Nc6 3. d4 cxd4 4. Nxd4 d5 5. Bb5 dxe4 6. Nxc6 Qxd1+ 7. Kxd1 a6
8. Ba4 Bd7 9. Nc3 bxc6 10. Nxe4 Rd8 11. Ke2 e5 12. Be3 Be7 13. Nc5 Bxc5 14.
Bxc5 Nf6 15. Rad1 Nd5 16. Rhe1 f6 17. Kf1 Rb8 18. c4 Nf4 19. Ba3 Rc8 20. Rd6
Rf8 21. g3 Ng6 22. h4 1-0

[Event "MCRE_SF13"]
[Site "?"]
[Date "2008.??.??"]
[Round "2"]
[White "Glaser, Karel"]
[Black "Kudr, Roman"]
[Result "1/2-1/2"]
[WhiteElo "2161"]
[BlackElo "2182"]
[PlyCount "38"]
[EventDate "2008.??.??"]
[EventType "corr"]
[EventRounds "2"]
[SourceDate "2008.05.08"]

1. e4 e5 2. Nf3 Nf6 3. d4 exd4 4. e5 Ne4 5. Qxd4 d5 6. exd6 Nxd6 7. Nc3 Nc6 8.
Qf4 g6 9. Bd3 Bg7 10. O-O O-O 11. Be3 Be6 12. Rfe1 Qf6 13. Ng5 Bf5 14. Nd5 Qe5
15. Qxe5 Bxe5 16. Nf3 Bxb2 17. Rab1 Bxd3 18. cxd3 Bg7 19. Nxc7 Rac8 1/2-1/2

[Event "MCRE_SF13"]
[Site "?"]
[Date "2008.??.??"]
[Round "2"]
[White "Glaser, Karel"]
[Black "Portych, Vaclav"]
[Result "1/2-1/2"]
[WhiteElo "2161"]
[BlackElo "2187"]
[PlyCount "58"]
[EventDate "2008.??.??"]
[EventType "corr"]
[EventRounds "2"]
[SourceDate "2008.05.08"]

1. e4 c5 2. Nf3 Nc6 3. d4 cxd4 4. Nxd4 Nf6 5. Nc3 e5 6. Ndb5 d6 7. Bg5 a6 8.
Na3 b5 9. Bxf6 gxf6 10. Nd5 Bg7 11. c3 f5 12. Bd3 Be6 13. Nc2 Bxd5 14. exd5 Ne7
15. O-O O-O 16. a4 e4 17. Be2 bxa4 18. Rxa4 Qb6 19. Rb4 Qc5 20. Ne3 Rab8 21.
Qb3 Rxb4 22. cxb4 Qd4 23. Rd1 Qxb2 24. Qxb2 Bxb2 25. Bxa6 Ra8 26. b5 Ba3 27.
Nc4 Bc5 28. Nb2 Rb8 29. Na4 Ba7 1/2-1/2

[Event "MCRE_SF13"]
[Site "?"]
[Date "2008.??.??"]
[Round "2"]
[White "Jerabek, Zdenek"]
[Black "Bares, Jiri"]
[Result "0-1"]
[WhiteElo "2241"]
[BlackElo "2259"]
[PlyCount "40"]
[EventDate "2008.??.??"]
[EventType "corr"]
[EventRounds "2"]
[SourceDate "2008.05.08"]

1. e4 c5 2. Nf3 d6 3. d4 cxd4 4. Nxd4 Nf6 5. Nc3 a6 6. Be2 e5 7. Nf3 Be7 8. O-O
O-O 9. a3 Be6 10. Ng5 b5 11. Nxe6 fxe6 12. Bg4 Nxg4 13. Qxg4 Rf6 14. Qh5 Nd7
15. Be3 Rg6 16. Rad1 Qc7 17. Qe2 Rf8 18. Qd3 Nb6 19. h4 Nc4 20. h5 Nxb2 0-1

[Event "MCRE_SF13"]
[Site "?"]
[Date "2008.??.??"]
[Round "2"]
[White "Jerabek, Zdenek"]
[Black "Cvak, Rudolf"]
[Result "0-1"]
[WhiteElo "2241"]
[BlackElo "2264"]
[PlyCount "46"]
[EventDate "2008.??.??"]
[EventType "corr"]
[EventRounds "2"]
[SourceDate "2008.05.08"]

1. e4 e5 2. Nf3 Nf6 3. Nxe5 d6 4. Nf3 Nxe4 5. d4 d5 6. Bd3 Nc6 7. O-O Be7 8.
Re1 Bg4 9. c3 f5 10. Qb3 O-O 11. Qxb7 Bxf3 12. gxf3 Rf6 13. Qb3 Rb8 14. Qd1
Rg6+ 15. Kf1 Qd6 16. fxe4 fxe4 17. Bc2 Qxh2 18. Ke2 Qh5+ 19. Kf1 Qh3+ 20. Ke2
Qf3+ 21. Kf1 Qg2+ 22. Ke2 Rf8 23. Rf1 Bh4 0-1

[Event "MCRE_SF13"]
[Site "?"]
[Date "2008.??.??"]
[Round "2"]
[White "Kudr, Roman"]
[Black "Cvak, Rudolf"]
[Result "1/2-1/2"]
[WhiteElo "2182"]
[BlackElo "2264"]
[PlyCount "135"]
[EventDate "2008.??.??"]
[EventType "corr"]
[EventRounds "2"]
[SourceDate "2008.05.08"]

1. e4 e5 2. Nc3 Nf6 3. Nf3 Nc6 4. Bb5 Bb4 5. O-O O-O 6. d3 d6 7. Bg5 Bxc3 8.
bxc3 h6 9. Bh4 Qe7 10. Nd2 Nd8 11. Qf3 Ne6 12. Bc4 Nf4 13. d4 a6 14. a4 Re8 15.
Rfb1 b6 16. Bd3 g5 17. Bg3 d5 18. Re1 c5 19. h3 Bb7 20. Bxf4 gxf4 21. Rab1 c4
22. dxe5 Qxe5 23. exd5 Qxd5 24. Qxd5 Rxe1+ 25. Rxe1 Bxd5 26. Nxc4 Nd7 27. Nd6
Kf8 28. Bc4 Bc6 29. Nf5 Nc5 30. a5 bxa5 31. Re5 Nb7 32. Nd4 Bd7 33. Bd5 Rb8 34.
Bxb7 Rxb7 35. Rxa5 Rb1+ 36. Kh2 Bb5 37. f3 Kg7 38. h4 Rc1 39. Nxb5 axb5 40.
Rxb5 Rxc2 41. Rc5 Kg6 42. c4 f5 43. Rc7 Kh5 44. Kh3 Rc3 45. Rc8 Kg6 46. Rc6+
Kh5 47. Rc7 Kg6 48. Rc5 Rd3 49. Re5 Rc3 50. c5 Rc1 51. Kh2 Rc3 52. Rd5 Rc1 53.
g4 fxg3+ 54. Kxg3 Rc4 55. Rd6+ Kh5 56. c6 f4+ 57. Kh3 Rxc6 58. Rd5+ Kg6 59. Kg4
Rc1 60. Rd6+ Kg7 61. Re6 Rh1 62. Ra6 Kh7 63. Ra5 Kg6 64. h5+ Kf6 65. Kxf4 Rh4+
66. Kg3 Rh1 67. Rb5 Rg1+ 68. Kf4 1/2-1/2

[Event "MCRE_SF13"]
[Site "?"]
[Date "2008.??.??"]
[Round "2"]
[White "Kudr, Roman"]
[Black "Jerabek, Zdenek"]
[Result "1-0"]
[WhiteElo "2182"]
[BlackElo "2241"]
[PlyCount "45"]
[EventDate "2008.??.??"]
[EventType "corr"]
[EventRounds "2"]
[SourceDate "2008.05.08"]

1. e4 c5 2. Nf3 Nc6 3. d4 cxd4 4. Nxd4 d5 5. exd5 Qxd5 6. Be3 Nf6 7. Nc3 Qa5 8.
Bb5 Bd7 9. O-O Rd8 10. Bxc6 bxc6 11. Qf3 Qh5 12. Rad1 a6 13. Qxh5 Nxh5 14. Rfe1
e6 15. Nf5 Rb8 16. Nd6+ Bxd6 17. Rxd6 Nf6 18. Red1 e5 19. Na4 Bf5 20. Ba7 Ra8
21. Nb6 Rxa7 22. Rd8+ Ke7 23. Rxh8 1-0

[Event "MCRE_SF13"]
[Site "?"]
[Date "2008.??.??"]
[Round "2"]
[White "Kudr, Roman"]
[Black "Portych, Vaclav"]
[Result "1/2-1/2"]
[WhiteElo "2182"]
[BlackElo "2187"]
[PlyCount "40"]
[EventDate "2008.??.??"]
[EventType "corr"]
[EventRounds "2"]
[SourceDate "2008.05.08"]

1. e4 c5 2. Nf3 Nc6 3. Bb5 d6 4. O-O Bd7 5. Re1 Nf6 6. c3 a6 7. Bf1 Bg4 8. d4
cxd4 9. cxd4 d5 10. e5 Nd7 11. Be3 e6 12. a3 Be7 13. Bd3 O-O 14. Nbd2 Bh5 15.
b4 Rc8 16. h3 Nb6 17. Rc1 Bg6 18. Bxg6 hxg6 19. Qb3 Qd7 20. Qd3 Rc7 1/2-1/2

[Event "MCRE_SF13"]
[Site "?"]
[Date "2008.??.??"]
[Round "2"]
[White "Portych, Vaclav"]
[Black "Bares, Jiri"]
[Result "1/2-1/2"]
[WhiteElo "2187"]
[BlackElo "2259"]
[PlyCount "59"]
[EventDate "2008.??.??"]
[EventType "corr"]
[EventRounds "2"]
[SourceDate "2008.05.08"]

1. c4 Nf6 2. Nc3 e5 3. Nf3 Nc6 4. g3 d5 5. cxd5 Nxd5 6. Bg2 Nb6 7. O-O Be7 8.
a3 O-O 9. b4 Be6 10. d3 Nd4 11. Bb2 Nxf3+ 12. Bxf3 c6 13. Ne4 Nd7 14. Qc2 Bd5
15. Nd2 Bxf3 16. Nxf3 Bd6 17. Nd2 f5 18. Nc4 Bc7 19. Rad1 f4 20. d4 exd4 21.
Rxd4 Qe8 22. Qb3 Rf7 23. Rfd1 Nf8 24. R1d2 Qe6 25. Qd3 Re8 26. Nd6 Bxd6 27.
Rxd6 Qg4 28. Rd4 Ne6 29. Re4 Qg5 30. Re5 1/2-1/2

[Event "MCRE_SF13"]
[Site "?"]
[Date "2008.??.??"]
[Round "2"]
[White "Portych, Vaclav"]
[Black "Cvak, Rudolf"]
[Result "1/2-1/2"]
[WhiteElo "2187"]
[BlackElo "2264"]
[PlyCount "80"]
[EventDate "2008.??.??"]
[EventType "corr"]
[EventRounds "2"]
[SourceDate "2008.05.08"]

1. c4 Nf6 2. Nc3 e5 3. Nf3 Nc6 4. g3 d5 5. cxd5 Nxd5 6. Bg2 Nb6 7. O-O Be7 8.
a3 O-O 9. b4 Be6 10. d3 f5 11. Bb2 Qd6 12. Nd2 Rad8 13. Nb3 a6 14. Nc5 Bc8 15.
Qb3+ Kh8 16. Rac1 f4 17. N3a4 Qh6 18. Nxb6 cxb6 19. Ne4 fxg3 20. hxg3 Bg4 21.
Rfe1 Qg6 22. Bc3 h5 23. b5 axb5 24. Qxb5 h4 25. Qxb6 h3 26. Bf1 Bf5 27. Kh2 Rd5
28. Bb4 Bxe4 29. Rxc6 Qxc6 30. Qxc6 bxc6 31. Bxe7 Rxf2+ 32. Kxh3 Bh1 33. g4 e4
34. Kg3 Rf7 35. Bh3 Rxe7 36. Rxh1 Rd6 37. Bg2+ Rh6 38. Rxh6+ gxh6 39. Bxe4 c5
40. Bf3 Ra7 1/2-1/2

[Event "MCRE_SF13"]
[Site "?"]
[Date "2008.??.??"]
[Round "2"]
[White "Portych, Vaclav"]
[Black "Jerabek, Zdenek"]
[Result "1/2-1/2"]
[WhiteElo "2187"]
[BlackElo "2241"]
[PlyCount "47"]
[EventDate "2008.??.??"]
[EventType "corr"]
[EventRounds "2"]
[SourceDate "2008.05.08"]

1. c4 e5 2. Nc3 Nc6 3. Nf3 Nf6 4. g3 d5 5. cxd5 Nxd5 6. Bg2 Nxc3 7. bxc3 e4 8.
Ng1 f5 9. Nh3 Qd5 10. O-O Qc4 11. Rb1 Qxa2 12. Rb2 Qc4 13. d3 Qxc3 14. Rb3 Qd4
15. dxe4 Qxd1 16. Rxd1 fxe4 17. Ng5 h6 18. Bxe4 Bc5 19. Rc3 Bd6 20. Re3 hxg5
21. Bxc6+ Kf7 22. Rf3+ Kg8 23. Bd5+ Kh7 24. Be4+ 1/2-1/2

[Event "MCRE_SF13"]
[Site "?"]
[Date "2008.??.??"]
[Round "2"]
[White "Struzka, Vlastimil"]
[Black "Cvak, Rudolf"]
[Result "0-1"]
[WhiteElo "2117"]
[BlackElo "2264"]
[PlyCount "136"]
[EventDate "2008.??.??"]
[EventType "corr"]
[EventRounds "2"]
[SourceDate "2008.05.08"]

1. d4 Nf6 2. c4 g6 3. Nf3 Bg7 4. Nc3 O-O 5. e4 d6 6. h3 e5 7. d5 Na6 8. Be3 Nh5
9. Qd2 Nc5 10. O-O-O Qe7 11. Kb1 Bd7 12. Ne1 b6 13. g4 Nf4 14. f3 a5 15. h4 h5
16. gxh5 Nxh5 17. Bh3 f5 18. Qg2 Qf7 19. Rg1 Kh7 20. Qh2 Bh6 21. Bxh6 Kxh6 22.
exf5 Bxf5+ 23. Bxf5 Qxf5+ 24. Ka1 Rf7 25. Rg5 Qf4 26. Qg1 Rg8 27. Rg4 Qf5 28.
Rd2 Kh7 29. Rdg2 Rff8 30. Nb5 Nf6 31. Rg5 Qf4 32. Rc2 Rg7 33. Rg3 Nh5 34. Rg4
Qh6 35. Rg5 Rf4 36. Qh1 Nf6 37. Qf1 Rxh4 38. Rg1 Rf7 39. Qe2 Nh5 40. Qd1 Rh3
41. Na3 Nf4 42. Nb1 Kg7 43. Rf2 Rh4 44. Rgf1 Nh3 45. Rc2 Rd4 46. Rd2 Rxc4 47.
Nc3 a4 48. Nc2 Ng5 49. Rdf2 Qh5 50. Rh1 Nh3 51. Qe2 Rh4 52. Rff1 Ng5 53. Rxh4
Qxh4 54. Qd1 Qc4 55. Na3 Qd3 56. Qc1 Nxf3 57. Rd1 Qf5 58. Rh1 g5 59. Nc2 Qf4
60. Qd1 g4 61. Qe2 Rf6 62. Qd1 g3 63. Ne2 Qg5 64. Nxg3 Qxg3 65. Na3 Rh6 66. Rf1
e4 67. Qc1 Kg6 68. Nc4 Qg2 0-1

[Event "MCRE_SF13"]
[Site "?"]
[Date "2008.??.??"]
[Round "2"]
[White "Struzka, Vlastimil"]
[Black "Glaser, Karel"]
[Result "1/2-1/2"]
[WhiteElo "2217"]
[BlackElo "2161"]
[PlyCount "106"]
[EventDate "2008.??.??"]
[EventType "corr"]
[EventRounds "2"]
[SourceDate "2008.05.08"]

1. d4 d5 2. c4 c6 3. cxd5 cxd5 4. Nf3 Nf6 5. Nc3 Nc6 6. Bf4 e6 7. e3 Be7 8. Nd2
O-O 9. a3 Bd6 10. Bxd6 Qxd6 11. f4 Bd7 12. Bd3 Ne7 13. Qe2 Rac8 14. O-O Rc7 15.
Nf3 h5 16. Rfc1 Nf5 17. Ne5 Rfc8 18. Rc2 a6 19. Rac1 Be8 20. h3 Ng3 21. Qf3 h4
22. f5 Nfe4 23. Nxe4 dxe4 24. Bxe4 Rxc2 25. Rxc2 Rxc2 26. Bxc2 Qc7 27. Qd1 exf5
28. Bb3 Kf8 29. Qd2 g5 30. Qb4+ Kg7 31. Qd2 f6 32. Nd3 Bb5 33. Nc5 Kg6 34. Qc2
Ne2+ 35. Kh1 Kh6 36. a4 Qa5 37. Kh2 g4 38. Qd1 Qc7+ 39. Kh1 Ng3+ 40. Kg1 Be2
41. Qc2 f4 42. e4 Qa5 43. Qc1 Qb4 44. Qc3 Qxc3 45. bxc3 gxh3 46. gxh3 f3 47.
Bc2 b6 48. Nb3 Nh5 49. Nc1 Nf4 50. Nxe2 fxe2 51. Kf2 b5 52. axb5 axb5 53. Ke1
Kg7 1/2-1/2

[Event "MCRE_SF13"]
[Site "?"]
[Date "2008.??.??"]
[Round "2"]
[White "Struzka, Vlastimil"]
[Black "Jerabek, Zdenek"]
[Result "1-0"]
[WhiteElo "2117"]
[BlackElo "2241"]
[PlyCount "33"]
[EventDate "2008.??.??"]
[EventType "corr"]
[EventRounds "2"]
[SourceDate "2008.05.08"]

1. d4 Nf6 2. c4 e6 3. Nc3 d5 4. Nf3 c6 5. e3 Nbd7 6. Bd3 dxc4 7. Bxc4 b5 8. Bd3
a6 9. e4 c5 10. d5 c4 11. Bc2 e5 12. O-O Bd6 13. Ne2 O-O 14. Ng3 Nb6 15. h3 a5
16. Be3 Re8 17. Qd2 1-0

[Event "MCRE_SF13"]
[Site "?"]
[Date "2008.??.??"]
[Round "2"]
[White "Struzka, Vlastimil"]
[Black "Kudr, Roman"]
[Result "1/2-1/2"]
[WhiteElo "2117"]
[BlackElo "2182"]
[PlyCount "72"]
[EventDate "2008.??.??"]
[EventType "corr"]
[EventRounds "2"]
[SourceDate "2008.05.08"]

1. d4 Nf6 2. c4 e6 3. Nc3 Bb4 4. e3 O-O 5. Nf3 d5 6. Bd3 c5 7. O-O dxc4 8. Bxc4
Nbd7 9. Qc2 a6 10. Bd3 b5 11. Ng5 h6 12. Nh7 Re8 13. Nxf6+ Nxf6 14. Ne4 c4 15.
Nxf6+ Qxf6 16. Be4 Rb8 17. a4 Bb7 18. Bxb7 Rxb7 19. axb5 axb5 20. Bd2 Bxd2 21.
Qxd2 b4 22. Rfc1 Rc8 23. Rc2 Qf5 24. Rac1 Ra7 25. g3 Qb5 26. Qe2 b3 27. Rxc4
Rxc4 28. Qxc4 Qxc4 29. Rxc4 Ra2 30. Kg2 Rxb2 31. Rb4 g5 32. Kf3 Kg7 33. Rb6 g4+
34. Kxg4 Rxf2 35. Rxb3 Rxh2 36. Kf4 Rf2+ 1/2-1/2

[Event "MCRE_SF13"]
[Site "?"]
[Date "2008.??.??"]
[Round "1"]
[White "Cvak, Rudolf"]
[Black "Binas, Jindrich"]
[Result "1/2-1/2"]
[WhiteElo "2264"]
[BlackElo "2094"]
[PlyCount "86"]
[EventDate "2008.??.??"]
[EventType "corr"]
[EventRounds "2"]
[SourceDate "2008.05.08"]

1. e4 c5 2. Nf3 Nc6 3. d4 cxd4 4. Nxd4 Nf6 5. Nc3 e5 6. Ndb5 d6 7. Bg5 a6 8.
Na3 b5 9. Bxf6 gxf6 10. Nd5 f5 11. Bxb5 axb5 12. Nxb5 Ra4 13. b4 Rxb4 14. Nbc7+
Kd7 15. O-O Rg8 16. Qh5 Qg5 17. Qxf7+ Be7 18. Qxf5+ Qxf5 19. exf5 Rbg4 20. g3
Nd4 21. f3 R4g5 22. Nxe7 Kxe7 23. Nd5+ Kd8 24. f6 Bb7 25. c4 Bxd5 26. cxd5 Rf8
27. Rab1 Rxf6 28. Rb8+ Ke7 29. Rb7+ Kf8 30. Rxh7 Nxf3+ 31. Kg2 Kg8 32. Re7 Nh4+
33. Kg1 Rxf1+ 34. Kxf1 Nf5 35. Ra7 Ne3+ 36. Ke1 Nxd5 37. Rd7 Rg6 38. a4 Nc3 39.
a5 d5 40. Re7 Ra6 41. Rxe5 Rxa5 42. Kd2 Ne4+ 43. Ke3 Kf7 1/2-1/2

[Event "MCRE_SF13"]
[Site "?"]
[Date "2008.??.??"]
[Round "1"]
[White "Binas, Jindrich"]
[Black "Bares, Jiri"]
[Result "1-0"]
[WhiteElo "2094"]
[BlackElo "2259"]
[PlyCount "99"]
[EventDate "2008.??.??"]
[EventType "corr"]
[EventRounds "2"]
[SourceDate "2008.05.08"]

1. e4 c5 2. Nf3 d6 3. d4 cxd4 4. Nxd4 Nf6 5. Nc3 a6 6. Be3 e5 7. Nb3 Be6 8. f3
Be7 9. Qd2 O-O 10. O-O-O Nbd7 11. g4 b5 12. g5 b4 13. Ne2 Nh5 14. Ng3 Nf4 15.
h4 a5 16. Nd4 exd4 17. Bxf4 Qc7 18. Kb1 a4 19. Ne2 b3 20. cxb3 axb3 21. a3 Ra4
22. Nxd4 Rxd4 23. Qxd4 Qc2+ 24. Ka1 Ra8 25. Rh2 Rxa3+ 26. bxa3 b2+ 27. Qxb2
Qxd1+ 28. Qc1 Qxf3 29. Be2 Qxe4 30. Bd1 d5 31. Rc2 Bc5 32. Bd2 Bf5 33. Ka2 g6
34. Rb2 Qxh4 35. Bb4 Bxb4 36. Rxb4 Qe1 37. Rd4 f6 38. gxf6 Nxf6 39. Qd2 Qe5 40.
Rb4 Ne4 41. Qd4 Qh2+ 42. Rb2 Qd6 43. Rb7 Qf6 44. Qxf6 Nxf6 45. a4 h5 46. a5 Bd3
47. Kb2 h4 48. Kc3 Bf1 49. Kd4 h3 50. Bf3 1-0

[Event "MCRE_SF13"]
[Site "?"]
[Date "2008.??.??"]
[Round "1"]
[White "Cvak, Rudolf"]
[Black "Bares, Jiri"]
[Result "1-0"]
[WhiteElo "2264"]
[BlackElo "2259"]
[PlyCount "87"]
[EventDate "2008.??.??"]
[EventType "corr"]
[EventRounds "2"]
[SourceDate "2008.05.08"]

1. e4 c5 2. Nf3 d6 3. d4 cxd4 4. Nxd4 Nf6 5. Nc3 a6 6. f3 e5 7. Nb3 Be6 8. Be3
Be7 9. Qd2 O-O 10. O-O-O Nbd7 11. g4 b5 12. h4 b4 13. Na4 a5 14. Bb5 Rb8 15.
Qe2 Qc7 16. Kb1 Rfc8 17. c4 bxc3 18. Nxc3 a4 19. Nxa4 d5 20. Rc1 Qd6 21. Rxc8+
Rxc8 22. g5 Nh5 23. Rc1 Rxc1+ 24. Bxc1 dxe4 25. Qxe4 Ng3 26. Qb7 Nf8 27. Nc3
Ng6 28. Bc4 Nxh4 29. Bxe6 Qxe6 30. a4 Ngf5 31. Ne4 Bd8 32. Qa8 Qe7 33. Nec5 Nd6
34. a5 Qe8 35. a6 Bb6 36. Qd5 Qd8 37. Qxe5 Ng6 38. Qd4 Qe7 39. Bd2 Nb5 40. Qd5
Na7 41. Nd7 Bf2 42. Nd4 Nf8 43. Nxf8 Qxf8 44. Nf5 1-0

[Event "MCRE_SF13"]
[Site "?"]
[Date "2008.??.??"]
[Round "2"]
[White "Glaser, Karel"]
[Black "Bares, Jiri"]
[Result "1/2-1/2"]
[WhiteElo "2161"]
[BlackElo "2259"]
[PlyCount "92"]
[EventDate "2008.??.??"]
[EventType "corr"]
[EventRounds "2"]
[SourceDate "2008.05.08"]

1. e4 c5 2. Nf3 d6 3. d4 cxd4 4. Nxd4 Nf6 5. Nc3 a6 6. Be3 e5 7. Nb3 Be6 8. f3
Be7 9. Qd2 O-O 10. O-O-O Nbd7 11. g4 b5 12. g5 b4 13. Ne2 Nh5 14. Ng3 Nf4 15.
h4 a5 16. Nd4 exd4 17. Bxf4 Qc7 18. Kb1 Rfc8 19. Ne2 d3 20. cxd3 Qb7 21. Rc1
Rxc1+ 22. Qxc1 Rc8 23. Qd2 d5 24. Nd4 Nc5 25. Be3 Bd7 26. Bg2 dxe4 27. fxe4 Ne6
28. Nf5 Bf8 29. Rc1 Rxc1+ 30. Qxc1 Nxg5 31. Qg1 Ne6 32. e5 Qc7 33. d4 a4 34.
Qd1 a3 35. Qc2 Qd8 36. d5 Nc7 37. d6 Nb5 38. Bc6 axb2 39. Bxb5 Bxb5 40. Bg5 Qa8
41. Ne7+ Bxe7 42. dxe7 Be8 43. Qc5 h6 44. Bd2 b3 45. a3 Qg2 46. Qc3 Qe4+
1/2-1/2

[Event "MCRE_SF13"]
[Site "?"]
[Date "2008.??.??"]
[Round "2"]
[White "Struzka, Vlastimil"]
[Black "Bares, Jiri"]
[Result "1/2-1/2"]
[WhiteElo "2117"]
[BlackElo "2259"]
[PlyCount "124"]
[EventDate "2008.??.??"]
[EventType "corr"]
[EventRounds "2"]
[SourceDate "2008.05.08"]

1. d4 d5 2. c4 e6 3. Nc3 c6 4. e3 Nf6 5. Nf3 Nbd7 6. Bd3 dxc4 7. Bxc4 b5 8. Be2
b4 9. Na4 Bb7 10. O-O Be7 11. Bd2 O-O 12. Qc2 a5 13. a3 bxa3 14. bxa3 c5 15.
Rfc1 cxd4 16. Nxd4 Rc8 17. Qd3 Rxc1+ 18. Rxc1 Qa8 19. f3 Rd8 20. Be1 e5 21. Nf5
Bf8 22. Qb5 Rb8 23. Nb6 Nxb6 24. Qxb6 Nd5 25. Qxa5 g6 26. Ng3 Qxa5 27. Bxa5
Bxa3 28. Rb1 Bc5 29. Nf1 Ba7 30. Kh1 Bc8 31. Rxb8 Bxb8 32. e4 Nf4 33. Bc4 Ba7
34. Bc3 Bd4 35. Bd2 Be6 36. Bxe6 Nxe6 37. Ne3 Kg7 38. g4 Bxe3 39. Bxe3 g5 40.
Kg2 Kf6 41. Kg3 Nd4 42. Kf2 Nc2 43. Bb6 Nd4 44. Ke3 Ne6 45. Kd3 Nf4+ 46. Kc4
Ng2 47. Bf2 Ke6 48. Kc3 Kd7 49. Kd3 Kd6 50. Bb6 Nf4+ 51. Kd2 h5 52. Bd8 hxg4
53. fxg4 Nh3 54. Ke3 Ke6 55. Bb6 Nf4 56. Bc7 f6 57. Bb6 Kd7 58. Bc5 Ne6 59. Bb4
Ke8 60. Bd2 Kd7 61. Ba5 Ke7 62. Bc3 Kf7 1/2-1/2

[Event "MCRE_SF13"]
[Site "?"]
[Date "2008.??.??"]
[Round "2"]
[White "Kudr, Roman"]
[Black "Bares, Jiri"]
[Result "1-0"]
[WhiteElo "2182"]
[BlackElo "2259"]
[PlyCount "75"]
[EventDate "2008.??.??"]
[EventType "corr"]
[EventRounds "2"]
[SourceDate "2008.05.08"]

1. e4 c5 2. Nf3 d6 3. d4 cxd4 4. Nxd4 Nf6 5. Nc3 a6 6. Be2 e5 7. Nb3 Be6 8. f4
Qc7 9. O-O Nbd7 10. f5 Bc4 11. a4 Be7 12. a5 b5 13. axb6 Nxb6 14. Bg5 O-O 15.
Kh1 Bxb3 16. cxb3 a5 17. Nb5 Qc6 18. Rc1 Qd7 19. Rc7 Qd8 20. Bxf6 Bxf6 21. Qxd6
Rb8 22. Rd1 Qxd6 23. Nxd6 a4 24. Bh5 g6 25. fxg6 hxg6 26. Bg4 axb3 27. Nxf7
Rbe8 28. Nd6 Re7 29. Rc6 Na4 30. Nc4 Bg7 31. Rxg6 Rf6 32. Rg5 Rc7 33. Rd8+ Kh7
34. Bf5+ Rxf5 35. exf5 Rxc4 36. Rh5+ Bh6 37. g4 Rxg4 38. Rd7+ 1-0